| 000 | 00631nam a2200217Ia 4500 | ||
|---|---|---|---|
| 001 | 14554 | ||
| 003 | GE_BSU | ||
| 008 | 181216s||||||||xx |||||||||||||| ||und|| | ||
| 020 | _a1405420863 | ||
| 040 | _cGE_BSU | ||
| 080 | _a641 | ||
| 100 | _aDoeser,Linda | ||
| 245 | _aMaking bread at home | ||
| 245 | _bSimple and deliciors recipes for breads, cakes,pizzas and pastries, at the touch of a button | ||
| 260 | _bParragon | ||
| 260 | _c2002 | ||
| 300 | _a96p.ill.28cm. | ||
| 653 | _aMaking bread at home | ||
| 653 | _aSimple and deliciors recipes for breads, cakes,pizzas and pastries, at the touch of a button | ||
| 942 | _cBK | ||
| 999 |
_c47685 _d47685 |
||